| 000 | 00000nam##2200000za#4500 |
| 001 | 9.643000 |
| 003 | CaOODSP |
| 005 | 20210624223952 |
| 007 | cr ||||||||||| |
| 008 | 150407|2004||||xxc|||||o f|0| 0 fre|d |
| 040 | |aCaOODSP|bfre |
| 043 | |an-cn--- |
| 086 | 1 |aEn14-145/2004F-PDF |
| 110 | 1 |aCanada. |bEnvironnement Canada. |
| 245 | 10|aRelevé de la régénération et des gaulis / |h[ressource électronique]|c[publié par le] Partenariat en vue de la surveillance des écosystèmes du RÉSÉ. |
| 246 | 17|aProtocoles et normes de surveillance du RESE |
| 260 | |aOttawa - Ontario : |bEnvironnement Canada |cLe 31 mars 2004. |
| 300 | |a7p.|bfigure, références |
| 590 | |a14-08-Supp|b2014-04-10 |
| 691 | 07|aForêt|2gcpds |
| 691 | 07|aConservation de l'environnement|2gcpds |
| 775 | 08|tRegeneration and sapling survey / |w(CaOODSP)9.699013 |
| 856 | 40|ahttp://publications.gc.ca|qPDF|s660 Ko|uhttps://publications.gc.ca/collections/collection_2014/ec/En14-145-2004-fra.pdf |